RTI act authentic interpretation of the statute / (Record no. 143583)
[ view plain ]
| 000 -LEADER | |
|---|---|
| fixed length control field | 00641nam a22001937a 4500 |
| 005 - DATE AND TIME OF LATEST TRANSACTION | |
| control field | 20181222145200.0 |
| 010 ## - LCCN (DPL NO) | |
| LC control number | ENG-119956 |
| 020 ## - INTERNATIONAL STANDARD BOOK NUMBER | |
| International Standard Book Number | 9788184621396 |
| Terms of availability | 499.00 |
| 035 ## - SYSTEM CONTROL NUMBER | |
| System control number | EN-103488 |
| 037 ## - SOURCE OF ACQUISITION | |
| Source of stock number/acquisition | DBAD/PUB |
| 082 ## - DEWEY DECIMAL CLASSIFICATION NUMBER | |
| Classification number | 342.540833 |
| 100 ## - MAIN ENTRY--PERSONAL NAME | |
| Personal name | Ghandhi, Shailesh |
| 245 ## - TITLE STATEMENT | |
| Title | RTI act authentic interpretation of the statute / |
| Statement of responsibility, etc | by Shailesh Gandhi [and ] Pralhad Kachare |
| 260 ## - PUBLICATION, DISTRIBUTION, ETC. (IMPRINT) | |
| Place of publication, distribution, etc | Mumbai |
| Name of publisher, distributor, etc | Vakils, Feffer & Simons |
| Date of publication, distribution, etc | 2016 |
| 270 ## - ADDRESS | |
| Address | Industry Manor, Appasaheb Marathe Marge Prabhadevi |
| City | Mumbai |
| Postal code | 400025 |
| 300 ## - PHYSICAL DESCRIPTION | |
| Extent | 91p. |
| Dimensions | 22cm(pbk) |
| 700 ## - ADDED ENTRY--PERSONAL NAME | |
| Personal name | Kachare, Pralhad |
| 942 ## - ADDED ENTRY ELEMENTS (KOHA) | |
| Source of classification or shelving scheme | Dewey Decimal Classification |
| Item type | English Books |
| Classification part | 342.540833 |
| Call number suffix | GAN |
| Withdrawn status | Lost status | Not for loan | Collection code | Home library | Current library | Date acquired | Source of acquisition | Cost, normal purchase price | Full call number | Barcode | Copy number | Cost, replacement price | Koha item type |
|---|---|---|---|---|---|---|---|---|---|---|---|---|---|
| Not For Loan | Non-fiction | D.B.Act.Division | Bawana | 21/08/2017 | DBAD/PUB | 499.00 | 342.540833 GAN | EN-103488 | 1 | 499.00 | English Books |
